000 00548nmm a2200169Ia 4500
008 251105s9999||||xx |||||||||||||||||und||
020 _a9788476588314
041 _aspa
100 _aAbensour, Miguel
245 0 _aPara una filosofía política crítica :
_b Ensayos
264 _a[Madrid, España] :
_bAnthropos,
_c2007
300 _a343 páginas
490 _aPensamiento crítico / Pensamiento utópico: crítica y utopía
650 _aPolitical Science (General)
856 _uhttps://public.digitaliapublishing.com/a/13272
942 _cCF
999 _c85167
_d85167